Statistiques concernant Pokémon apparaissant le plus dans le Pokédex

Cliquez ici pour prendre le quiz!

Statistiques générales

  • Ce quiz a été pris 31 fois
  • Le résultat moyen est 88 sur 200

Statistiques - réponses

Nombre d'ApparitionsPokémon% Correct
11Pikachu
96%
10Évoli
87%
10Raichu
87%
10Aquali
83%
9Mentali
83%
10Pyroli
83%
10Voltali
83%
12Léviator
78%
12Magicarpe
78%
9Noctali
78%
10Pichu
78%
8Phyllali
74%
7Arcanin
70%
7Caninos
70%
9Ectoplasma
70%
9Fantominus
70%
8Givrali
70%
8Mélo
70%
9Mélodelfe
70%
9Mélofée
70%
8Rondoudou
70%
9Spectrum
70%
7Feunard
65%
7Goupix
65%
8Abra
61%
8Alakazam
61%
6Draco
61%
6Dracolosse
61%
8Élektek
61%
7Gravalanch
61%
8Grodoudou
61%
7Grolem
61%
8Kadabra
61%
8Machoc
61%
8Magmar
61%
11Magnéti
61%
11Magnéton
61%
7Racaillou
61%
9Ronflex
61%
10Akwakwak
57%
6Élekable
57%
8Lokhlass
57%
8Machopeur
57%
6Maganon
57%
6Minidraco
57%
9Nosferalto
57%
9Nosferapti
57%
6Nymphali
57%
8Poissirène
57%
10Psykokwak
57%
9Tentacool
57%
7Crustabri
52%
7Élekid
52%
8Gallame
52%
8Gardevoir
52%
8Kirlia
52%
7Leuphorie
52%
8Leveinard
52%
7Magby
52%
8Nostenfer
52%
7Onix
52%
8Poissoroy
52%
6Smogo
52%
8Tarsal
52%
9Tentacruel
52%
7Archéodong
48%
7Archéomire
48%
8Bekipan
48%
10Farfuret
48%
8Goélise
48%
9Insécateur
48%
7Kokiyas
48%
9Lucario
48%
8Mackogneur
48%
9Magnézone
48%
6M.Mime
48%
6Ptiravi
48%
6Ptitard
48%
9Rhinocorne
48%
9Rhinoféros
48%
7Scarabrute
48%
7Stari
48%
7Staross
48%
6Steelix
48%
6Tartard
48%
6Tauros
48%
6Têtarte
48%
7Toudoudou
48%
6Absol
43%
8Cizayox
43%
8Cochignon
43%
6Démolosse
43%
9Dimoret
43%
6Malosse
43%
8Mammochon
43%
8Marcacrin
43%
8Momartik
43%
6Mystherbe
43%
8Oniglali
43%
6Ortide
43%
7Porygon
43%
6Rafflesia
43%
7Rhinastoc
43%
9Riolu
43%
7Sabelette
43%
8Stalgamin
43%
7Tarinor
43%
6Ténéfix
43%
6Yanma
43%
6Yanméga
43%
7Altaria
39%
7Apireine
39%
7Apitrini
39%
10Barbicha
39%
10Barloche
39%
6Barpau
39%
7Carchacrok
39%
7Carmache
39%
6Cornèbre
39%
7Embrylex
39%
7Griknot
39%
6Hoothoot
39%
6Hypocéan
39%
6Hypotrempe
39%
7Lanturn
39%
7Loupio
39%
6Maraiste
39%
8Métamorph
39%
7Sablaireau
39%
10Scarhino
39%
7Simularbre
39%
7Tarinorme
39%
7Tylton
39%
7Tyranocif
39%
7Ymphect
39%
6Axoloto
35%
7Azumarill
35%
6Azurill
35%
7Babimanta
35%
7Colhomard
35%
8Démanta
35%
7Écrapince
35%
8Excelangue
35%
6Kraknoix
35%
6Libégon
35%
7Manzaï
35%
7Marill
35%
6Milobellus
35%
6Mime Jr
35%
6Noarfang
35%
6Porygon 2
35%
6Rosélia
35%
6Vibraninf
35%
6Wailmer
35%
6Wailord
35%
7Airmure
30%
7Cadoizo
30%
7Chartor
30%
7Coudlangue
30%
7Insolourdo
30%
6Noeunoeuf
30%
8Octillery
30%
8Rémoraid
30%
6Roserade
30%
6Rozbouton
30%
6Scorplane
30%
8Baudrive
26%
7Blizzaroi
26%
7Blizzi
26%
7Coatox
26%
7Cradopaud
26%
6Drascore
26%
8Grodrive
26%
6Motisma
26%
6Rapion
26%
7Scalpion
22%
7Scalproie
22%
6Baggaïd
17%
6Baggiguane
17%
6Bargantua Motif Rouge et Bleu
17%
6Bruyverne
17%
6Chlorobule
17%
6Colimucus
17%
6Crocorible
17%
6Escroco
17%
6Golemastoc
17%
6Gringolem
17%
6Mascaïman
17%
6Mesmerélla
17%
7Mucuscule
17%
6Muplodocus
17%
6Scrutella
17%
6Sidérella
17%
6Sonistrelle
17%
6Polagriffe
13%
6Polarhume
13%
7Furaiglon
9%
6Gueriaigle
9%
6Vaututrice
9%
6Vostourno
9%

Distribution des résultats

Percentile par nombre de réponses

% des personnes avec chaque résultat

Votre développement - résultats

Vous n’avez pas pris ce quiz